Equipped for every good work (Record no. 476659)

000 -LEADER
fixed length control field 00297cam a22001097a 4500
008 - FIXED-LENGTH DATA ELEMENTS--GENERAL INFORMATION
fixed length control field 180718b1946 xxu||||| |||| 00| 0 eng d
082 ## - DEWEY DECIMAL CLASSIFICATION NUMBER
Classification number AB2 Eq56
245 ## - TITLE STATEMENT
Title Equipped for every good work
260 ## - PUBLICATION, DISTRIBUTION, ETC.
Place of publication, distribution, etc. New York
Name of publisher, distributor, etc. Watchtower Bible and Tract Society
Date of publication, distribution, etc. 1946
300 ## - PHYSICAL DESCRIPTION
Extent 381p.
650 ## - SUBJECT ADDED ENTRY--TOPICAL TERM
Topical term or geographic name entry element Christianity
Holdings
Withdrawn status Lost status Damaged status Not for loan Permanent Location Current Location Date acquired Full call number Barcode Date last seen Price effective from Koha item type
        Indian Institute of Public Administration Indian Institute of Public Administration 2018-08-04 AB2 Eq56 GR9347 2018-08-04 2018-08-04 GR

Powered by Koha